[Event "Targu Mures op"]
[Site "Targu Mures"]
[Date "2021.07.25"]
[Round "7"]
[White "Juncu, Nicolae"]
[Black "Filip, Andrei"]
[Result "0-1"]
[WhiteElo "1830"]
[BlackElo "2132"]
[PlyCount "108"]
[EventDate "2021.07.21"]
[EventType "swiss"]
[EventRounds "7"]
[EventCountry "ROU"]
[SourceTitle "CBM 203 Extra"]
[Source "ChessBase"]
[SourceDate "2021.09.30"]
[SourceVersion "1"]
[SourceVersionDate "2021.09.30"]
[SourceQuality "1"]

1. d4 Nf6 2. c3 e6 3. Bf4 c5 4. e3 d5 5. Nd2 Nc6 6. Bd3 Bd6 7. Ngf3 Bxf4 8. exf4 Qb6 9. Qb3 Qxb3 10. axb3 cxd4 11. Nxd4 Nxd4 12. cxd4 Bd7 13. 0-0 Ke7 14. Rfc1 Ne8 15. b4 Kd6 16. f3 Nc7 17. Kf2 a6 18. Nb3 Bb5 19. Ke3 Rhc8 20. Rc5 Kd7 21. Rc3 b6 22. f5 Bxd3 23. fxe6+ Nxe6 24. Rxc8 Rxc8 25. Kxd3 Nf4+ 26. Kd2 Re8 27. Rxa6 Re2+ 28. Kc3 Nxg2 29. Rxb6 Re3+ 30. Kc2 Ne1+ 31. Kd2 Rxb3 32. Kxe1 Rxf3 33. b5 Rd3 34. Rb7+ Ke6 35. b6 Rxd4 36. Rb8 Rb4 37. Kd1 Rxb2 38. Kc1 Rb4 39. Kc2 d4 40. b7 Kf6 41. Rh8 Rxb7 42. Rxh7 Rd7 43. Kd3 g5 44. h3 Kg6 45. Rh8 f6 46. Re8 Rh7 47. Kxd4 Rxh3 48. Rg8+ Kf5 49. Rg7 g4 50. Rg8 Kf4 51. Rg7 f5 52. Rg6 g3 53. Kd3 g2+ 54. Ke2 Rg3 0-1

[Event "Wch Seniors 65 29th"]
[Site "Bucharest"]
[Date "2019.11.22"]
[Round "10"]
[White "Juncu, Nicolae"]
[Black "Moroianu, George"]
[Result "1-0"]
[WhiteElo "1857"]
[BlackElo "1496"]
[PlyCount "79"]
[EventDate "2019.11.12"]
[EventType "swiss"]
[EventRounds "11"]
[EventCountry "ROU"]
[SourceTitle "CBM 193 Extra"]
[Source "ChessBase"]
[SourceDate "2020.01.31"]
[SourceVersion "1"]
[SourceVersionDate "2020.01.31"]
[SourceQuality "1"]

1. d4 d5 2. c3 Nf6 3. Bf4 g6 4. h3 Bg7 5. Nf3 0-0 6. e3 Nbd7 7. Be2 c5 8. Nbd2 cxd4 9. exd4 Re8 10. Bh2 a6 11. a4 Ne4 12. 0-0 e5 13. dxe5 Nxe5 14. Nxe4 Nxf3+ 15. Bxf3 dxe4 16. Qxd8 Rxd8 17. Bxe4 Re8 18. Bf3 Be5 19. Rfe1 Bxh2+ 20. Kxh2 Rxe1 21. Rxe1 Kf8 22. a5 Rb8 23. Re5 b5 24. axb6 Rxb6 25. Rc5 Be6 26. b4 Bd7 27. Kg3 Bb5 28. h4 h5 29. Kf4 Kg7 30. Ke5 Ba4 31. Bd5 Rf6 32. f4 Bc2 33. g3 Bd3 34. Rc6 Rf5+ 35. Kd4 a5 36. bxa5 g5 37. fxg5 Be2 38. Rf6 Rxf6 39. gxf6+ Kxf6 40. c4 1-0

[Event "Miercurea Ciuc Bancpost op 20th"]
[Site "Miercurea Ciuc"]
[Date "2017.08.22"]
[Round "6"]
[White "Juncu, Nicolae"]
[Black "Kocsis, Mihaly"]
[Result "1-0"]
[WhiteElo "1911"]
[BlackElo "1882"]
[PlyCount "159"]
[EventDate "2017.08.17"]
[EventType "swiss"]
[EventRounds "9"]
[EventCountry "ROU"]
[SourceTitle "EXT 2020"]
[Source "ChessBase"]
[SourceDate "2019.10.17"]
[SourceVersion "1"]
[SourceVersionDate "2019.10.17"]
[SourceQuality "1"]

1. d4 d5 2. c3 Nf6 3. Bf4 Nh5 4. Bc1 Nf6 5. Bg5 h6 6. Bf4 e6 7. e3 Bd6 8. a4 Bxf4 9. exf4 a5 10. Nd2 b6 11. Ngf3 Ba6 12. Bxa6 Nxa6 13. Ne5 Rc8 14. Qe2 Nb8 15. 0-0 0-0 16. b4 c5 17. bxa5 cxd4 18. cxd4 bxa5 19. Nb3 Nfd7 20. Nxd7 Nxd7 21. Qd2 Qb6 22. Rfb1 Qb4 23. Qxb4 axb4 24. a5 Ra8 25. Rc1 Nb8 26. Kf1 Na6 27. Rc6 Rfc8 28. Rac1 Rxc6 29. Rxc6 Kf8 30. Ke2 Ke7 31. Kd2 Ra7 32. f3 Kd8 33. g4 g6 34. f5 gxf5 35. gxf5 Ke7 36. fxe6 fxe6 37. Ke3 Kf6 38. Kf4 h5 39. h4 Ra8 40. Rb6 Ra7 41. Rc6 Ra8 42. Rc1 Ra7 43. Rc8 Rc7 44. Rxc7 Nxc7 45. Nc5 Na6 46. Ke3 Nc7 47. a6 e5 48. dxe5+ Kxe5 49. Nd3+ Kd6 50. Nxb4 Kc5 51. Nd3+ Kb6 52. a7 Kxa7 53. Nf4 Kb6 54. Nxh5 Kc5 55. Ng7 d4+ 56. Kd3 Nd5 57. Ne6+ Kd6 58. Nxd4 Ke5 59. Ne2 Kf5 60. Kd4 Nf6 61. Ke3 Nd5+ 62. Kf2 Nf6 63. Kg2 Ng8 64. Kg3 Nf6 65. Nd4+ Ke5 66. Nc2 Kf5 67. Ne3+ Kg6 68. Kf4 Nh5+ 69. Ke5 Ng3 70. Ng2 Kh5 71. Ne3 Nh1 72. f4 Kxh4 73. f5 Kg5 74. Ke6 Nf2 75. f6 Nd3 76. f7 Nf4+ 77. Kd7 Ng6 78. Ke8 Kf6 79. Nd5+ Kg7 80. Ne7 1-0

[Event "Satu Mare Tasnad op"]
[Site "Satu Mare"]
[Date "2013.09.27"]
[Round "2"]
[White "Juncu, Nicolae"]
[Black "Ardeleanu, Alin"]
[Result "0-1"]
[WhiteElo "2152"]
[BlackElo "2314"]
[PlyCount "108"]
[EventDate "2013.09.26"]
[EventType "swiss"]
[EventRounds "7"]
[EventCountry "ROU"]
[SourceTitle "EXT 2014"]
[Source "ChessBase"]
[SourceDate "2013.11.20"]
[SourceVersion "1"]
[SourceVersionDate "2013.11.20"]
[SourceQuality "1"]

1. d4 g6 2. Nf3 Bg7 3. c3 Nf6 4. Bf4 d6 5. Nbd2 Nh5 6. e3 Nxf4 7. exf4 Nd7 8. Bc4 Nf6 9. Ng5 e6 10. h4 h6 11. Ngf3 a6 12. a4 Bd7 13. a5 Bc6 14. Bd3 0-0 15. 0-0 Bb5 16. c4 Bc6 17. Qc2 Rc8 18. Rfe1 Bxf3 19. Nxf3 c5 20. dxc5 Rxc5 21. b4 Rc7 22. Rad1 Nd5 23. Qb3 Nxf4 24. Bf1 d5 25. g3 Nh5 26. g4 Nf4 27. Qe3 Qf6 28. c5 Rd8 29. Qe5 Qxe5 30. Nxe5 Bf6 31. Rc1 Bxh4 32. c6 Ra8 33. Nd7 bxc6 34. Ne5 Rb7 35. Nxc6 Bf6 36. Rb1 h5 37. gxh5 Nxh5 38. b5 axb5 39. Bxb5 Ng7 40. a6 Rxb5 41. Rxb5 Rxa6 42. Rb8+ Kh7 43. Nb4 Ra7 44. Kg2 Nf5 45. Nd3 Ra3 46. Nf4 Nh4+ 47. Kf1 Rf3 48. Ng2 Bd4 49. Ne3 Bxe3 50. Rxe3 Rxe3 51. fxe3 Kg7 52. Kf2 Nf5 53. Rb7 Nd6 54. Rb1 Ne4+ 0-1